Možnosti posudzovania tvorivého myslenia žiakov gymnázia pri vyučovaní chémie

Bibliographic Details
Main Authors: Held, Ľubomír, 1953- (Author), Lipthay, Tibor, 1925-2004 (Author)
Format: Article
Language:Slovak
PhysicalDescription:Tab. 1. Res. rus., angl.
Subjects:

MARC

LEADER 00000nab a2200000 a 4500
001 vtls000126084
003 SK-MaSNL
005 20260304062231.0
008 250422c1982 xo 0 slo
015 |a SNBRB19rr/mm-uuuuu 
035 |a CL0136189 
035 |a urn:nbn:sk:snk-ab3dx 
035 |a (urnnbn)urn:nbn:sk:snk:ar-0044hr 
035 |a (uuid)655b4351-6da5-4570-98bc-af041aa436d8 
040 |a SNKBUCL  |b slo  |c SNKBUCL  |e AACR2 
041 0 |a slo 
044 |a xo  |c SK 
080 |a 372  |2 1981 
080 |a 54  |2 1981 
080 |a 159.94/.95  |2 1981 
100 1 |a Held, Ľubomír,  |d 1953-  |4 aut  |9 120083 
245 1 0 |a Možnosti posudzovania tvorivého myslenia žiakov gymnázia pri vyučovaní chémie  |c Ľubomír Held, Tibor Lipthay 
300 |b Tab. 1. Res. rus., angl. 
650 0 7 |a chémia  |2 snkbucl  |9 749 
650 0 7 |a žiaci gymnázií  |2 snkbucl  |9 1331642 
655 7 |a články z novín a časopisov  |2 snkbucl  |9 267496 
700 1 |a Lipthay, Tibor,  |d 1925-2004  |4 aut  |9 203726 
773 0 |t Jednotná škola  |g Roč. 34, č. 6 (1982), s. 532-538 
850 |a Slovenská národná knižnica 
852 |a Slovenská národná knižnica 
954 |a odborná, vedecká literatúra pôvodná (slovenská)  |2 lita 
958 |a article27 
958 |a OND 
958 |a RK 
958 |a EUIPO 
992 |a RBX 
999 |c 2737101  |d 2739031